000 00843nam a2200277Ia 4500
003 OSt
005 20221007121045.0
006 a|||||r|||| 00| 0
007 ta
008 221006b |||||||| |||| 00| 0 eng d
020 _a9788126524150 (hbd)
024 _a110504
037 _b164, 07/07/2010, Prashant Book Agency
_cTextbook
040 _aBDL
_cBDL
_beng
041 _2eng
_aeng
082 _aJ:6, N9-;1 Carb
100 _aAllard Robert W
_9434259
245 0 _aPrinciples of plant breeding
250 _a2
260 _aChichester
_bWiley
_c1999
300 _aix, 254p.
_ccm.
500 _aGlossary 234-240p.; References 241-246p.; Index 247-254p.
650 _aBotany
942 _hJ:6, N9-;1 Carb
_cTB
_2CC
999 _c1208385
_d1208385